00630nam a2200217Ia 450000500170000000800410001702000230005804000190008104100120010008200130011224500770012526000400020230000120024250400500025463000190030463000230032365000150034665100180036170000220037985000110040120231130095509.0131103s9999 xx 000 0 und d a8174872582cRs 495 aLoreto College aEnglish a396bYAD aPatterns of Gender Violence, cEdited by Sushma Yadav, Anil Dutta Mishra aNew DelhibRadha Publicationsc2002 ax,236p  aIncludes bibliographical references and index aGender Studies aWomen and Violence aFeminisism aWomen Studies aYadav, Sushma, ed aLCLIB